Théorie des fonctions algébriques de deux variables indépendantes / (Record no. 162044)

MARC details
000 -LEADER
campo de control de longitud fija 01006cam a2200217 i 4500
001 - NÚMERO DE CONTROL
campo de control 162044
003 - IDENTIFICADOR DE NÚMERO DE CONTROL
campo de control ES-MaACL
005 - FECHA Y HORA DE LA ÚLTIMA TRANSACCIÓN
campo de control 20250724074558.0
008 - DATOS DE LONGITUD FIJA--INFORMACIÓN GENERAL
campo de control de longitud fija 000711m18971906fr |||| | fre d
040 ## - FUENTE DE CATALOGACIÓN
Centro catalogador/agencia de origen CCPB | B
Lengua de catalogación spa
Centro/agencia transcriptor CCPB | B
100 1# - ENTRADA PRINCIPAL--NOMBRE DE PERSONA
Nombre de persona Picard, Emile.
9 (RLIN) 91773
245 10 - MENCIÓN DEL TÍTULO
Título Théorie des fonctions algébriques de deux variables indépendantes /
Mención de responsabilidad, etc. par Émile Picard et Georges Simart.
260 ## - PUBLICACIÓN, DISTRIBUCIÓN, ETC.
Lugar de publicación, distribución, etc. Paris :
Nombre del editor, distribuidor, etc. Gauthier-Villars et fils, imprimeurs-libraires,
Fecha de publicación, distribución, etc. 1897-1906.
300 ## - DESCRIPCIÓN FÍSICA
Extensión 2 v. ;
Dimensiones 26 cm.
510 3# - NOTA DE CITAS O REFERENCIAS BIBLIOGRÁFICAS
Nombre de la fuente British Library, 18/09/06
597 ## - NOTA DE DESCRIPCIÓN FÍSICA
NOTA DE DESCRIPCIÓN FÍSICA Vol. I (VI, 246 p.) -- Vol. II (528 p.)
650 #7 - PUNTO DE ACCESO ADICIONAL DE MATERIA--TÉRMINO DE MATERIA
Término de materia o nombre geográfico como elemento de entrada Álgebra
Fuente del encabezamiento o término embne
9 (RLIN) 9720
700 1# - ENTRADA AGREGADA--NOMBRE PERSONAL
Nombre de persona Simart, Georges.
Título de la obra Théorie des fonctions algébriques de deux variables indépendantes.
9 (RLIN) 132751
852 ## - LOCALIZACIÓN
Ubicación ES-MaACL
Número de control de estantería B-4787-88
Nota libre - Rúst.
Encuadernación - Edic.: El T. II es de 1906 y tiene 528 p., porque según consta en el prólogo, la ed. de 1900 del T. II sólo contenía los cap. I-VII. En esta ed. sale completo el T. II
Holdings
Estatus retirado Estado de pérdida Estado de daño No para préstamo Colección Biblioteca de origen Biblioteca actual Ubicación en estantería Fecha de adquisición Total de préstamos Signatura topográfica completa Código de barras Visto por última vez Precio de reemplazo Tipo de ítem Koha
        Libros del s. XIX Biblioteca del Ateneo de Madrid Biblioteca del Ateneo de Madrid Sala Pardo Bazán 17/01/2008   B-4787-88 1169750 23/02/2023 23/02/2023 Libro impreso antiguo